| 000 | 00452nam a22001697a 4500 | ||
|---|---|---|---|
| 999 |
_c164525 _d164525 |
||
| 005 | 20190522142027.0 | ||
| 010 | _aB-035297 | ||
| 020 | _a8171675131 | ||
| 035 | _aB-035297 | ||
| 037 | _bRupa. Co. | ||
| 082 | _a921 | ||
| 100 | _aDas, Sitanshu | ||
| 245 |
_aSubhash: _ba political biography / _cSitanshu Das |
||
| 260 |
_aNew Delhi _bRupa Co. _c2000 |
||
| 300 |
_a634p. (it include index) _c23cm(hbk) |
||
| 942 |
_2ddc _cEN _h921 _mBOS |
||